01221cac a22003251a 4500999001500000003000900015005001700024007000300041008004100044020002200085040004300107082002500150100004200175245009200217264005000309264001100359300004500370336002600415337002800441338002700469500002500496504005100521590001500572650005800587650003000645653002300675655001700698942002900715952015100744 c6047d6047EG-ScBUE20200111104819.0ta190725t1982 nyua f b 001 0 eng d a0070190976 (pbk.) aEG-ScBUEbengerdacEG-ScBUEdEG-ScBUE04a808.0666021bEIS2221 aEisenberg, Anne,‏ d1942-eauthor.10aEffective technical communication /cAnne Eisenberg, Polytechnic Institute of New York. 1aNew York :bMcGraw-Hill Book Company,c[1982] 4cc 1982 axii, 355 pages :billustrations ;c24 cm 2rdacontentatextbtxt 2rdamediaaunmediatedbn 2rdacarrieravolumebnc aIncludes appendices. aIncludes bibliographical references and index. aEman kamel 7aCommunication of technical information.2BUEsh919947 7aTechnical writing.2BUEsh bHHUUEENNcJuly2019 vReading book cBBk808.0666021 EIS2ddc 00102ddc40708AlahramaMAINbMAINc2NDd2012-11-07ePurchasel1m6o808.0666021 EISp000007699r2025-07-15 00:00:00s2017-11-27w2007-11-12yBB